Teatro de la gruta /

Reunión de cinco obras de teatro joven mexicano. Los autores que se incluyen son una generación nacida después del 68. Creadores como: Daniel Rodríguez Barrón (Ciudad de México, 1970), escribe teatro y cuento, ganador del Primer Premio Nacional de Dramaturgia Joven 'Gerardo Mancebo del Castillo' en...

Celý popis

Uloženo v:
Podrobná bibliografie
Korporativní autor: Premio Nacional de Dramaturgia Joven Gerardo Mancebo del Castillo ( México)
Další autoři: Rodríguez Barrón, Daniel (autor) (autor), Mora, Guadalupe de la (autor) (autor), Ortega, Gabriel Alfonso (autor) (autor), Bujeiro, Verónica (autor) (autor), Ortiz, Miguel (autor) (autor), Escalante, Ximena (presentación) (presentación)
Médium: Konferenční příspěvek Kniha
Jazyk:španělština
Vydáno: México : CONACULTA : Centro Cultural Helénico, 2002, c2002
Edice:(Tierra Adentro ; 255)
Témata:
Tagy: Přidat tag

MARC

LEADER 00000nam^a2200000^a^4500
001 000151731
005 20250521000000.0
009 20260310100221.363
020 |a 970-18-8509-0 
037 |a Acervo ITESO - Biblioteca 
041 |a ESP 
082 |a 862.  |b TEA V. 2 
111 |a Premio Nacional de Dramaturgia Joven Gerardo Mancebo del Castillo (  |n 1o :  |d 2001 :  |c México) 
240 1 1 |a [Teatro de la gruta] 
245 1 0 |a Teatro de la gruta /  |c Premio Nacional de Dramaturgia Joven Gerardo Mancebo del Castillo ; D. Rodríguez Barrón, G. de la Mora, G.A. Ortega, V. Bujeiro, M. Ortiz ; presen. de X. Escalante ; advertencia de Luis Mario Moncada. 
264 4 |a México :  |b CONACULTA :  |b Centro Cultural Helénico,  |c 2002, c2002 
300 |a 237 p. 
336 |a texto  |b txt  |2 rdacontenido 
337 |a sin mediación  |b n  |2 rdamedio 
338 |a volumen  |b nc  |2 rdasoporte 
440 1 |a (Tierra Adentro ;  |v 255) 
520 |a Reunión de cinco obras de teatro joven mexicano. Los autores que se incluyen son una generación nacida después del 68. Creadores como: Daniel Rodríguez Barrón (Ciudad de México, 1970), escribe teatro y cuento, ganador del Primer Premio Nacional de Dramaturgia Joven 'Gerardo Mancebo del Castillo' en 2001; Guadalupe de la Mora (Ciudad Juárez, Chihuahua, 1970), guionista; Gabriel Alfonso Ortega (Ciudad de México, 1968), dramaturgo, actor y director teatral; Verónica Bujeiro (Ciudad de México, 1976), escritora; y Miguel Ortiz (Culiacán, Sinaloa, 1976), productor escénico. 
649 |a XX 
650 |a Teatro Mexicano 
650 |a Literatura Mexicana -  |y Siglo XX 
650 |a Literatura de Mujeres -  |z México 
740 3 |a La luna vista por los muertos /  |c D. Rodríguez Barrón. 
740 0 |a Almas de arena /  |c G. de la Mora. 
740 0 |a Arquímedes de Siracusa /  |c G.A. Ortega. 
740 3 |a El sueño de la razón /  |c V. Bujeiro. 
740 0 |a A escasos kilómetros /  |c M. Ortiz. 
700 |a Rodríguez Barrón, Daniel  |e (autor) 
700 |a Mora, Guadalupe de la  |e (autor) 
700 |a Ortega, Gabriel Alfonso  |e (autor) 
700 |a Bujeiro, Verónica  |e (autor) 
700 |a Ortiz, Miguel  |e (autor) 
700 |a Escalante, Ximena  |e (presentación) 
910 |a Fondo General 
920 |a Impresos - Libros 
930 |a Colección General 
940 |a Literatura 
905 |a 101 
901 |a 0500081595  |b IT1  |c LIT  |u 20250521 
902 |a https://opac.biblio.iteso.mx/vufind/Record/000151731